Siyaset sosyolojisi açısından Türkiye'de parlamentonun evrimi / (Record no. 14862)

MARC details
000 -BAŞLIK
Sabit Uzunlukta Kontrol Alanı 00751nam a22002177a 4500
999 ## - SİSTEM KONTROL NUMARALARI (KOHA)
Koha Biblionumber 14862
Koha Biblioitemnumber 14862
003 - KONTROL NUMARASI IDENTIFIER
Denetim Alanı MIRAKIL
005 - SON İŞLEM TARİHİ VE ZAMANI
Denetim Alanı 20220318150545.0
008 - SABİT-BOY VERİ ELEMANLARI - GENEL BİLGİLER
Sabit Uzunlukta Kontrol Alanı 220318b tu ||||| |||| 00| 0 tur d
040 ## - KATALOGLAMA KAYNAK
Orijinal Kataloglama Ajansı TR-AnCHP
Metne Dönüştürmek Ajansı TR-AnCHP
041 ## - DİL KODU
Metin / Ses Parça Veya Ayrı Başlığın Dil Kodu tur
082 ## - DEWEY ONLU SINIFLANDIRMA NUMARASI
Sınıflandırma Numarası 328.9561
Ürün Numarası Y91s 1983
100 1# - ANA GİRİŞ - KİŞİSEL İSİM
Kişisel Ad Yücekök, Ahmet N.
245 10 - BAŞLIK TABLOSU
Başlık Siyaset sosyolojisi açısından Türkiye'de parlamentonun evrimi /
Sorumluluk Tablosu, Vb Ahmet N. Yücekök.
260 ## - YAYIN, DAĞITIM, VB
Yayın, Dağıtım, Vb Yeri Ankara :
Yayıncı, Dağıtıcı, Vs Adı Ankara Üniv. Siyasal Bilgiler Fakültesi,
Yayın, Dağıtım, Vb Tarihi 1983.
300 ## - FİZİKSEL TANIM
Kapsam x, 266 s. :
Diğer Fiziksel Ayrıntıları tbl. ;
Boyutlar 24 sm.
490 0# - SERİSİ TABLOSU
Seri Beyanı Ankara Üniversitesi Siyasal Bilgiler Fakültesi yayınları ;
Hacim / Ardışık Tanımı 533.
504 ## - KAYNAKÇA VB NOT
Kaynakça Vb Notu kaynakça vardır.
650 #0 - KONU KATMA GİRİŞ - TOPİKAL DÖNEM
9 (RLIN) 5626
Topikal Süreli Veya Coğrafi Ad Giriş Elemanı Parlamento
Genel Alt Bölümü Tarih
Coğrafi Alt Bölümü Türkiye
650 #0 - KONU KATMA GİRİŞ - TOPİKAL DÖNEM
9 (RLIN) 5875
Topikal Süreli Veya Coğrafi Ad Giriş Elemanı Siyaset sosyolojisi
942 ## - EKLENDİ GİRİŞ ELEMANLARI (KOHA)
Sınıflandırma Veya Raf Düzeni Kaynak Dewey Decimal Classification
Koha Öğesi Türü Books
Holdings
Kalıcı Konum Mevcut Konum Edinme Tarihi Toplam Check-Out'Lar Tam Çağrı Numarası Barkod Tarih Son Görülme İtibaren Geçerli Fiyatlar Koha Öğesi Türü
CHP Kütüphanesi CHP Kütüphanesi 03/18/2022   328.9561 Y91s 1983 020376 03/18/2022 03/18/2022 Books